Most popular commercial planes no longer in service - Statistics

General Stats
  • This quiz has been taken 8 times
  • The average score is 7 of 12
Answer Stats
Picture Answer % Correct
727
100%
717
88%
757
88%
A300
63%
A380
63%
A310
50%
A340
50%
DC-8
50%
DC-9
50%
MD-10
25%
MD-11
25%
A318
13%
No matching quizzes found
Score Distribution
Percent of People with Each Score
Percentile by Number Answered
Your Score History
You have not taken this quiz